Estudios sobre la distribución del ingreso: estructura funcional en 1987-96 y proyectos

Đã lưu trong:
Chi tiết về thư mục
Nhiều tác giả của công ty: Ministerio de Planificación y Cooperación (Tác giả), MIDEPLAN (Tác giả)
Định dạng: Sách
Ngôn ngữ:Tiếng Tây Ban Nha
Được phát hành: Santiago MIDEPLAN 2000
Loạt:Unidad de Estudios Prospectivos
Những chủ đề:
Các nhãn: Thêm thẻ
Không có thẻ, Là người đầu tiên thẻ bản ghi này!

MARC

LEADER 00000nam a2200000 a 4500
001 UCN6944
003 CL-VaPUC
008 011005e20000000CL |||||||||||||||||spa|d
082 0 4 |a 361.61  |b MIN  |2 21 
110 2 |a Ministerio de Planificación y Cooperación  |e author  |9 462743 
710 2 |a MIDEPLAN  |e author  |9 462744 
245 1 0 |a Estudios sobre la distribución del ingreso: estructura funcional en 1987-96 y proyectos 
300 |a 125 p 
942 |c BK 
945 |d 20011005 00:00:00  |a crobeson 
260 |a Santiago  |b MIDEPLAN  |c 2000 
650 0 |a Ciencias sociales  |v Investigación  |9 307767 
650 0 |a Políticas sociales  |9 358116 
650 0 |a Políticas públicas  |9 309677 
650 0 |a Distribución del ingreso  |9 334288 
583 |a last modification  |c 20160928 09:53:19  |k Rodrigo Vera 
490 0 |a Unidad de Estudios Prospectivos 
999 |c 297499  |d 297497 
952 |0 0  |1 0  |4 0  |6 361_610000000000000_MIN_2000  |7 0  |8 A  |9 352280  |a BIBGIM  |b BIBGIM  |d 2019-11-21  |i 373661K  |o 361.61 MIN 2000  |p 373661K  |r 2025-01-15  |w 2019-11-21  |y BK  |k GIM